Online Catalogue and eLibrary

Kinship systems in South and Southeast Asia : (Record no. 348)

MARC details
000 -LEADER
fixed length control field 00585cam a2200217 a 4500
001 - CONTROL NUMBER
control field 4448261
005 - DATE AND TIME OF LATEST TRANSACTION
control field 20240208054347.0
008 - FIXED-LENGTH DATA ELEMENTS--GENERAL INFORMATION
fixed length control field 940414s1994 ii ab b 001 0 eng
020 ## - INTERNATIONAL STANDARD BOOK NUMBER
ISBN 0706976681 :
040 ## - CATALOGING SOURCE (பட்டியலாக்க மூலம்)
Original cataloging agency DLC
Transcribing agency DLC
Modifying agency DLC
082 00 - DDC Classification
Class No. 306.83
DDC Edition Number 20
Item Number - Author Mark GOV.
100 0# - MAIN ENTRY--PERSONAL NAME
Personal name Govindan Unny,
245 10 - TITLE STATEMENT
Title Kinship systems in South and Southeast Asia :
Remainder of title a study /
Statement of responsibility, etc. Govindan Unny.
260 ## - PUBLICATION, DISTRIBUTION, ETC.
Place of publication, distribution, etc. New Delhi :
Name of publisher, distributor, etc. Vikas Pub. House,
Date of publication, distribution, etc. 1994.
300 ## - PHYSICAL DESCRIPTION
Extent (e.g. Volumes, Pages etc.) xii, 233 p. :
650 #0 - SUBJECT ADDED ENTRY--TOPICAL TERM
Topical term or geographic name entry element Kinship
650 #0 - SUBJECT ADDED ENTRY--TOPICAL TERM
Topical term or geographic name entry element Kinship
650 #0 - SUBJECT ADDED ENTRY--TOPICAL TERM
Topical term or geographic name entry element Nairs
650 #0 - SUBJECT ADDED ENTRY--TOPICAL TERM
Topical term or geographic name entry element Minangkabau (Indonesian people)
942 ## - Koha item type (Biblio)
Koha item type Books in Stacks (Lending)
Holdings
Lost status Damaged status Collection code Home library Current library Date acquired Full call number Accession Number Item type
    Lending WERC Library WERC Library 02/08/2024 306.83 GOV. 3992 Books in Stacks (Lending)

© WERC Library